Θόρυβος υποβάθρου και πλοίων στην περιοχή του λιμένα Μυτιλήνης : διπλωματική εργασία
Saved in:
| Main Author: | |
|---|---|
| Corporate Author: | |
| Other Authors: | |
| Format: | Thesis Book |
| Language: | Greek |
| Published: |
2011
|
| Subjects: | |
| Online Access: | http://hdl.handle.net/11610/7347 |
| Tags: |
Add Tag
No Tags, Be the first to tag this record!
|
MARC
| LEADER | 00000cam a2200000 i 4500 | ||
|---|---|---|---|
| 001 | 1/14787 | ||
| 008 | 110830s2011 gre d | ||
| 035 | |l 10110715 | ||
| 040 | |a GR-MY-UA |b gre |e aacr | ||
| 041 | 0 | |a gre | |
| 082 | 0 | |a 0000 |2 (22) | |
| 100 | 1 | |a Ντούλιας, Θεόδωρος Θ. | |
| 245 | 1 | 0 | |a Θόρυβος υποβάθρου και πλοίων στην περιοχή του λιμένα Μυτιλήνης : |b διπλωματική εργασία / |c Ντούλιας Θ. Θεόδωρος ; επιβλέπων: Γεωργακαράκος Ευστράτιος |
| 260 | |c 2011 | ||
| 300 | |a 72 σ.; |b διαγρ., εικ.; |c 30 εκ. | ||
| 500 | |a Επιβλέπων καθηγητής Γεωργακαράκος Ευστράτιος, επίκουρος καθηγητής τμήματος Επιστημών της Θάλασσας. Στο τέλος της εργασίας υπάρχει παράρτημα με πίνακες και γραφήματα. Σελίδες 57-72. | ||
| 502 | |a Πτυχιακή εργασία – Πανεπιστήμιο Αιγαίου, Λέσβος, 2011. | ||
| 504 | |a Βιβλιογραφία: σ. 65-66 | ||
| 650 | 0 | |a Harbors |z Greece |z Mytilene (Lesbos) | |
| 650 | 0 | 0 | |a Dissertations, Academic |z Greece. |
| 700 | 1 | |a Γεωργακαράκος, Στρατής. |4 ths | |
| 710 | 2 | |a Πανεπιστήμιο Αιγαίου |b Σχολή Περιβάλλοντος |b Τμήμα Επιστημών της Θάλασσας. | |
| 852 | |a INST |b LESVOS |c DIATR |e 20110830 |h 545 |p 005100049865 |q 005100049865 |t DIE |y 23 | ||
| 852 | |a INST |b LESVOS |c DIATR |e 20110830 |h 546 |p 005100049879 |q 005100049879 |t DIE |y 23 | ||
| 856 | |u http://hdl.handle.net/11610/7347 | ||
| 901 | |a BIBL1-2011-2 | ||
| 909 | |a Λ |b 171363 | ||
| 909 | |a Λ |b 171364 | ||
| 924 | |a ΝΤΟΥΛΙΑΣ |b ΘΕΟΔΩΡΟΣ θ. |y ΛΕΣΒΟΣ |z 2011-08 | ||
| 970 | |a ΠΑΤΣΗ |b ΑΝΘΙΠΠΗ |z 2011/08/30 | ||